1682 1679 1896 1037 1738 1465 1948 1328 1699 1565 1582 1285 1917 1716 1205 1017 1126 1186 1630 1109 1327 1445 1004 1809 1366 1298 1273 1071 1369 1504 1712 1463 1218 1860 1873 1216 1542 1475 1435 1251 1658 1749 1134 1120 1608 1077 1147 1157 1189 1214 1986 1262 1092 1074 1021 1328 1876 1609 1898 1513 1355 1825 1131 1869 1999 1383 1513 1511 1383 1132 1912 1082 1537 1797 1422 1940 1900 1280 1746 1351 1231 1727 1379 1349 1824 1166 1942 1522 1941 1913 1628 1140 1616 1559 1569 1105 1645 1544 1070 BCNSPRNW ULIB Ver.6.0+V

เปลี่ยนเป็นภาษาไทย

Change to English
 แสดงรายละเอียดบรรณานุกรม
  กลับหน้าหลัก

Brief Record : Get Marc (ISO 2709) : E-mail record : QR code < ปิดหน้าต่าง
LEADER : 00000nam 2200000uu 4500
001    13399123216
003     ULIB
008    020711s2551 th a 000 0 tha d
020    9789744263384
090    นว.^bภ682ข ล.2
100    ภูระริน จุปะมะตัง
245    ขอให้ฉันอยู่กับเธอตลอดไป เล่ม2/^cภูระริน จุปะมะตัง
250    พิมพ์ครั้งที่ 1
260    กรุงเทพฯ :^bเลมอน กรีน,^c2551
300    297 หน้า;^b21 ซม.
500    มี 2 เล่ม
710    เลมอน กรีน
945    ^p189^l0^i20352
999    ^aทศพร เกษรทอง
รายการนี้ยังไม่มีแท็ก
คุณยังไม่ได้ล็อกอิน คุณสามารถมีกิจกรรมร่วมกับเว็บไซต์ได้ แต่ต้องล็อกอินก่อน ::
  ล็อกอิน

รายการสื่อสารสนเทศ

ลำดับที่ ประเภท เลขเรียก/บาร์โค้ด สถานที่ สถานะ
1. นวนิยาย
นวนิยาย
นว. ภ682ข ล.2 ฉ.1 
  Barcode: 20352
ห้องสมุดวิทยาเขตนครสวรรค์
►นวนิยาย:l:Fiction
บนชั้น

รายการใกล้เคียง
    ผู้แต่ง [ภูระริน จุปะมะตัง]

BibComment


ยังไม่เคยถูกคอมเมนท์

คอมเมนท์ทรัพยากรรายการนี้
  คอมเมนท์: ขอให้ฉันอยู่กับเธ..


 Copyright 2026. Bcnsprnw @Library